000 00377nam a22001577a 4500
003 OSt
008 250505b |||||||| |||| 00| 0 eng d
020 _a9788195326433
100 _aKUMAR,Dr. Narender
245 _aNitya Karam Vidhi And Parav Padati
250 _a23th
260 _aNew Delhi
_bArya Prakashan
_c2023
300 _a192
650 _aGeneral
942 _2ddc
_cBK
999 _c13509
_d13509